Statistics for Football players starting with the letter B

Click here to take the quiz!

General Stats

  • This quiz has been taken 89 times
  • The average score is 11 of 16

Answer Stats

Answer% Correct
Gareth Bale
95%
Karim Benzema
95%
Mario Balotelli
91%
Jude Bellingham
90%
Sergio Busquets
89%
David Beckham
81%
Franz Beckenbauer
81%
Alejandro Baldé
63%
Christian Benteke
62%
Saïd Benrahma
59%
Steven Bergwijn
53%
Harvey Barnes
52%
Rodrigo Bentancur
52%
Wilfried Bony
51%
Justin Bijlow
27%
Johan Bakayoko
15%

Score Distribution

Percentile by Number Answered

Percent of People with Each Score

Your Score History

You have not taken this quiz